[Event "3rd Manaus Open 2024"]
[Site "Manaus"]
[Date "2024.10.13"]
[Round "3.2"]
[White "Fier, Alexandr"]
[Black "Pinero Rodriguez, Carlos Jose"]
[Result "1/2-1/2"]
[WhiteElo "2539"]
[BlackElo "2305"]
[Annotator "TA"]
[PlyCount "72"]
[EventDate "2024.10.05"]
[EventType "swiss"]
[EventCountry "BRA"]
[SourceTitle "playchess.com"]
[Source "ChessBase"]
[SourceQuality "1"]
[TimeControl "5400+30"]

{[%evp 9,72,21,44,48,40,36,45,36,35,45,54,45,56,58,61,42,67,32,34,41,45,23,37,8,28,28,27,25,37,0,0,0,10,31,8,0,0,0,0,0,0,0,0,-24,0,0,0,-173,-16,-28,-22,-32,-17,-29,22,-8,-8,-8,-8,-8,-8,-8,-12,-9,0]} 1. d4 {[%emt 0:00:31]} Nf6 {[%emt 0:00:34]} 2. c4 {[%emt 0:00:05]} d6 {[%emt 0:01:24]} 3. Nf3 {[%emt 0:00:45]} g6 {[%emt 0:01:00]} 4. Nc3 {[%emt 0:00:05]} Bf5 {[%emt 0:00:53]} 5. g3 {[%emt 0:01:50]} Ne4 {[%emt 0:01:26]} 6. Nxe4 {[%emt 0:04:25]} Bxe4 {[%emt 0:00:53]} 7. Bh3 {[%emt 0:00:08]} Bg7 {[%emt 0:03:35]} 8. O-O {[%emt 0:00:06] White is slightly better.} O-O {[%emt 0:00:33]} 9. d5 {[%emt 0:04:23]} Bxf3 {[%emt 0:10:33]} 10. exf3 {[%emt 0:00:05]} Nd7 {[%emt 0:00:07]} 11. f4 {[%emt 0:02:07]} a5 {[%emt 0:04:05]} 12. f5 {[%emt 0:00:34]} a4 {[%emt 0:00:38]} 13. fxg6 {[%emt 0:00:08]} hxg6 {[%emt 0:00:03]} 14. Rb1 {[%emt 0:00:10]} c6 {[%emt 0:05:36]} 15. Re1 {[%emt 0:01:12]} Ne5 {[%emt 0:01:29]} 16. Bg2 {[%emt 0:02:38]} Qc7 {[%emt 0:05:33]} 17. h4 {[%emt 0:06:16]} cxd5 {[%emt 0:05:48]} 18. cxd5 {[%emt 0:00:05]} Qc4 {[%emt 0:10:50]} 19. b3 {[%emt 0:03:07]} axb3 {[%emt 0:02:46]} 20. axb3 {[%emt 0:00:05]} Qg4 {[%emt 0:02:11]} 21. Qxg4 {[%emt 0:14:09]} Nxg4 {[%emt 0:00:02]} 22. Re4 {[%emt 0:00:07]} f5 {[%emt 0:03:11]} 23. Rxe7 {[%emt 0:08:51][%cal Og2h3]} Bd4 {[%emt 0:03:26]} 24. Be3 {[%emt 0:04:26]} (24. Rxb7 Bxf2+ 25. Kh1 Bxg3) (24. Re2 Rfe8 (24... Rae8 25. Rxe8 Rxe8 26. Bf4 $11) 25. Rxe8+ Rxe8) 24... Bxe3 {[%emt 0:02:01]} 25. fxe3 {[%emt 0:00:04][%cal Oe7e6]} Rfc8 {[%emt 0:00:05]} 26. e4 {[%emt 0:03:59]} Ra2 {[%emt 0:05:47] Strongly threatening ...Rcc2.} (26... Rc3 {simplifies} 27. exf5 Rxg3 28. Re2 gxf5 29. Rf1 Rf8) 27. exf5 {[%emt 0:43:39]} (27. Rxb7 Rc3 (27... Rcc2 $2 28. Bf3 $19) 28. Kh1 Rcc2 (28... Rxg3 29. Rc1 $11) 29. exf5 Rxg2 30. Rb8+ Kg7 $19) 27... Rcc2 {[%emt 0:00:52]} 28. Bf1 {[%emt 0:00:00] [#]} ({Avoid the trap} 28. Be4 $2 Rc3 $19) (28. Bf3 $11 {and White has nothing to worry.} Ne5 29. Rf1) 28... Rc3 $2 {[%emt 0:00:54]} (28... Nh2 $1 $19 {[%cal Rh2f3] ( -> ...Nf3+)} 29. Re3 Rf2 30. fxg6 Nf3+ 31. Rxf3 Rxf3) 29. Re2 {[%emt 0:00:00]} Rxg3+ {[%emt 0:00:24]} 30. Kh1 {[%emt 0:00:00]} Rxe2 {[%emt 0:05:44]} 31. Bxe2 $15 {[%emt 0:00:00][%mdl 4096] Endgame. KRB-KRN} Nf2+ {[%emt 0:00:44]} 32. Kh2 {[%emt 0:00:00] The position is equal.} Re3 {[%emt 0:00:01]} 33. Bc4 {[%emt 0:00:00] [#] Rg1 is the strong threat.} gxf5 {[%emt 0:00:09]} 34. Rf1 {[%emt 0:00:00]} Ng4+ {[%emt 0:00:08]} 35. Kg2 {[%emt 0:00:00]} Re5 {[%emt 0:00:35] aiming for ...Ne3+.} 36. Ra1 {[%emt 0:00:00]} Ne3+ {[%emt 0:01:11] Weighted Error Value: White=0.19 (very precise) /Black=0.15 (very precise) .  Loses game:     	White=1     	---        Mistake:       	---       	Black=1      Inaccurate:     	White=4     	---        OK:         	White=7     	Black=16     Best:        	White=2     	---} 1/2-1/2

[Event "3rd Manaus Open 2024"]
[Site "Manaus"]
[Date "2024.10.13"]
[Round "3.3"]
[White "Piccoli, Lucas Fonseca"]
[Black "Quintiliano, Renato R."]
[Result "0-1"]
[WhiteElo "2266"]
[BlackElo "2513"]
[Annotator "TA"]
[PlyCount "85"]
[EventDate "2024.10.05"]
[EventType "swiss"]
[EventCountry "BRA"]
[SourceTitle "playchess.com"]
[Source "ChessBase"]
[SourceQuality "1"]
[TimeControl "5400+30"]

{[%evp 17,85,0,0,8,21,14,16,14,37,36,20,7,19,20,39,27,45,22,14,-81,-74,-83,-20,-35,20,-34,-10,-9,0,-18,-14,-18,61,-220,-71,-99,-99,-277,-269,-274,-279,-274,-267,-277,-260,-295,-299,-304,-291,-308,-300,-347,-350,-343,-338,-656,-637,-611,-466,-700,-520,-709,-562,-1275,-1118,-29986,-29987,-29991,-29992,-29998]} 1. e4 {[%emt 0:02:57]} c5 {[%emt 0:00:10]} 2. Nf3 {[%emt 0:00:06]} d6 {[%emt 0:00:07]} 3. d4 {[%emt 0:00:04]} cxd4 {[%emt 0:00:07]} 4. Nxd4 {[%emt 0:00:05]} Nf6 {[%emt 0:00:09]} 5. Nc3 {[%emt 0:00:06]} a6 {[%emt 0:00:34]} 6. Be2 {[%emt 0:00:06]} e5 {[%emt 0:00:13]} 7. Nb3 {[%emt 0:00:06]} Be7 {[%emt 0:00:09]} 8. O-O {[%emt 0:00:10]} O-O {[%emt 0:00:09]} 9. Qd3 {[%emt 0:00:05]} Be6 {[%emt 0:01:54]} 10. Bd2 {[%emt 0:00:44]} Nbd7 {[%emt 0:00:12]} 11. Nd5 {[%emt 0:00:46]} Bxd5 {[%emt 0:01:06]} 12. exd5 {[%emt 0:00:06] The position is equal.} Rc8 {[%emt 0:01:11]} 13. c4 {[%emt 0:00:20]} b6 {[%emt 0:00:51]} 14. a4 {[%emt 0:00:07]} a5 {[%emt 0:01:53]} 15. Qh3 {[%emt 0:00:19]} Ne8 {[%emt 0:22:21]} 16. f4 {[%emt 0:07:49] Black is weak on the light squares} Bf6 {[%emt 0:13:13]} 17. Bg4 {[%emt 0:08:44]} Rc7 {[%emt 0:00:10] [#]} 18. Nxa5 {[%emt 0:09:29]} bxa5 $17 {[%emt 0:00:23]} 19. Bxa5 {[%emt 0:00:02] [#]} Nc5 $1 {[%emt 0:00:48]} 20. b4 $11 {[%emt 0:00:44] [#]} (20. Bxc7 Qxc7 21. b4 exf4 $17) 20... exf4 {[%emt 0:15:02]} (20... Na6 $1 $15) 21. Ra2 {[%emt 0:17:52] [#]} (21. Bxc7 Qxc7 22. Rae1 Nxa4 $17) ({White should play} 21. bxc5 $11 Bxa1 22. Rxa1 dxc5 23. Bxc7 Qxc7 24. Qc3) 21... Qb8 $1 {[%emt 0:05:31]} 22. bxc5 {[%emt 0:16:42]} (22. Bxc7 $2 Qxb4 23. Qa3 (23. Bf5 $2 g6 $19) 23... Qxa3 (23... Qxc4 $2 24. Bb6 $19) 24. Rxa3 Nxc7 25. Rxf4 Rb8 $19) 22... Rxc5 23. Bd2 {[%emt 0:02:31]} Rxc4 {[%emt 0:02:11]} 24. a5 {[%emt 0:05:22][%cal Og4e2]} Qb5 {[%emt 0:15:00]} (24... Rc7 $11) 25. Qf3 $2 {[%emt 0:11:27][%mdl 8192] [#]} (25. Rxf4 $2 Rxf4 (25... Qxd5 26. Qf3 $15) 26. Bxf4 Qb1+ (26... Qxd5 $2 27. Re2 $19) 27. Kf2 Qxa2+ $19) (25. Be2 $1 $14 {keeps the upper hand.} Bd4+ 26. Kh1 Qxd5 27. Qb3 (27. Bxc4 Qxc4 28. Raa1 Bxa1 $15) (27. Rxf4 Rc5 $11) (27. Bxf4 Rc3 $15)) 25... Be5 {[%emt 0:04:11]} (25... Bd4+ $1 $19 {has better winning chances.} 26. Kh1 Be3 (26... Nf6 27. Bf5 $11)) 26. Bf5 {[%emt 0:16:41]} (26. a6 $2 Ra4 27. Rxa4 Qxa4 28. Bxf4 Qxa6 $19) 26... Ra4 {[%emt 0:03:41]} 27. Rb1 $2 {[%emt 0:00:00]} (27. Rxa4 $17 Qxa4 28. Qe4 (28. Bxf4 $2 {perishes.} Bxf4 29. Qxf4 Qxa5 $19)) 27... Qc5+ $19 {[%emt 0:03:00]} 28. Be3 {[%emt 0:00:00]} Qxa5 {[%emt 0:01:02]} (28... Rxa2 29. Bxc5 dxc5 30. Bxh7+ Kh8 31. Bd3 $11) 29. Rxa4 {[%emt 0:00:00]} Qxa4 {[%emt 0:00:07]} 30. Bf2 {[%emt 0:00:00]} Nf6 {[%emt 0:00:13]} 31. Kh1 {[%emt 0:00:00]} g6 {[%emt 0:10:22]} 32. Bd3 {[%emt 0:00:00]} Qa2 {[%emt 0:00:00]} 33. Rd1 {[%emt 0:02:21]} Qxd5 {[%emt 0:00:00]} 34. Qe2 {[%emt 0:00:50]} Qe6 {[%emt 0:00:00]} 35. h3 {[%emt 0:00:39]} Rb8 {[%emt 0:00:00]} 36. Bc4 $2 {[%emt 0:00:37] [#]} (36. Re1) 36... f3 $1 {[%emt 0:00:00]} 37. Qd3 {[%emt 0:00:31]} fxg2+ {[%emt 0:00:00]} 38. Kg1 {[%emt 0:00:26]} (38. Kxg2 $142 Qc8 39. Rb1) 38... Qe7 {[%emt 0:00:00][%cal Of6e4] And now ...Ne4! would win.} 39. Qf3 {[%emt 0:00:34]} Rb4 {[%emt 0:00:00]} 40. Qd3 {[%emt 0:00:31] [#]} Ne4 $1 {[%emt 0:00:00] ( -> ...Nxf2)} 41. Be1 {[%emt 0:00:21]} (41. Bd4 Qh4) 41... Rb2 {[%emt 0:00:00]} 42. Qa3 {[%emt 0:00:36]} Qg5 {[%emt 0:01:27]} 43. Bb4 {[%emt 0:01:04] Weighted Error Value: White=0.90/Black=0.43.  Loses game:     	White=2     	---        Mistake:       	White=3     	Black=4      Inaccurate:     	White=4     	---        OK:         	White=8     	Black=10     Best:        	White=3     	Black=1} 0-1

[Event "3rd Manaus Open 2024"]
[Site "Manaus"]
[Date "2024.10.13"]
[Round "3.4"]
[White "Ribeiro, Matheus Mendes Domin"]
[Black "Di Berardino, Diego Rafael"]
[Result "0-1"]
[WhiteElo "2250"]
[BlackElo "2479"]
[Annotator "TA"]
[PlyCount "92"]
[EventDate "2024.10.05"]
[EventType "swiss"]
[EventCountry "BRA"]
[SourceTitle "playchess.com"]
[Source "ChessBase"]
[SourceQuality "1"]
[TimeControl "5400+30"]

{[%evp 23,92,0,0,-9,-10,-39,13,-7,-41,-21,-29,-63,-55,-60,-34,-36,-44,-47,0,0,0,0,0,0,0,0,0,0,0,-7,0,-122,-30,-30,-25,-134,-116,-176,-148,-297,-304,-359,-361,-427,-403,-475,-476,-483,-425,-531,-516,-596,-591,-579,-575,-692,-679,-681,-665,-1647,-1618,-29969,-29969,-29971,-6111,-29976,-29976,-29975,-29973,-29977,-29978]} 1. c4 {[%emt 0:01:22]} g6 {[%emt 0:08:30]} 2. Nc3 {[%emt 0:01:55]} c5 {[%emt 0:00:26]} 3. Nf3 {[%emt 0:03:08]} Bg7 {[%emt 0:00:13]} 4. g3 {[%emt 0:03:32]} Nc6 {[%emt 0:00:34]} 5. Bg2 {[%emt 0:00:24]} e5 {[%emt 0:00:27]} 6. O-O {[%emt 0:01:28]} d6 {[%emt 0:00:07]} 7. d3 {[%emt 0:01:07]} Nge7 {[%emt 0:00:07]} 8. a3 {[%emt 0:04:55]} O-O {[%emt 0:00:37]} 9. Rb1 {[%emt 0:09:28]} a5 {[%emt 0:02:21]} 10. Ne1 {[%emt 0:05:40]} Be6 {[%emt 0:00:34]} 11. Nd5 {[%emt 0:01:07]} Rb8 {[%emt 0:00:36]} 12. Nc2 {[%emt 0:06:09]} b5 {[%emt 0:01:13]} 13. Bg5 {[%emt 0:05:19]} f6 {[%emt 0:02:45]} 14. Bd2 {[%emt 0:00:41][%cal Oc4b5]} a4 {[%emt 0:26:41]} (14... bxc4 $15 15. dxc4 f5) 15. cxb5 {[%emt 0:13:27] The position is equal.} Rxb5 {[%emt 0:01:09]} 16. Nc3 {[%emt 0:04:29][%csl LRa4,LRb5]} Ra5 {[%emt 0:21:21]} 17. Ne3 {[%emt 0:09:34]} Bb3 {[%emt 0:01:40]} 18. Qe1 {[%emt 0:00:07]} Nd4 {[%emt 0:03:46]} 19. Ncd5 {[%emt 0:03:41]} Rb5 {[%emt 0:00:53]} 20. Bc3 {[%emt 0:06:42]} Nc2 {[%emt 0:08:03]} (20... f5 $15) 21. Nxe7+ $11 {[%emt 0:03:04]} Qxe7 {[%emt 0:00:03]} 22. Nxc2 {[%emt 0:02:22]} Bxc2 {[%emt 0:00:04]} 23. Bd5+ {[%emt 0:01:58]} Kh8 {[%emt 0:00:03]} 24. Rc1 {[%emt 0:00:32]} Bb3 {[%emt 0:00:04]} 25. Bc4 {[%emt 0:10:49]} Rbb8 {[%emt 0:05:47]} 26. e4 {[%emt 0:00:00]} f5 {[%emt 0:00:20]} 27. f4 {[%emt 0:00:00]} (27. exf5 $11 gxf5 (27... Rxf5 28. Qe4 $11) 28. Bxb3 Rxb3 (28... axb3 29. f4 $11) 29. f4) 27... exf4 {[%emt 0:05:55]} (27... Bxc4 $17 28. dxc4 exf4 29. Rxf4 Rbe8 30. Bxg7+ Qxg7) 28. Rxf4 {[%emt 0:00:00]} Bxc4 {[%emt 0:02:18]} 29. dxc4 {[%emt 0:00:00] [#]} (29. Bxg7+ $11 Qxg7 30. Rxc4) 29... Rbe8 $1 $17 {[%emt 0:00:12] Black is more active.} 30. exf5 {[%emt 0:00:00]} (30. Bxg7+ $17 Qxg7 31. Rd1) 30... Qxe1+ $19 {[%emt 0:01:15]} ({Don't do} 30... Rxf5 31. Qxe7 Rxe7 32. Bxg7+ Kxg7 33. Rxf5 gxf5 34. Rd1) 31. Bxe1 {[%emt 0:00:12] [#] This costs White the game.} (31. Rxe1 $17 {is the only way for White.} Rxe1+ (31... gxf5 32. Bxg7+ Kxg7 33. Rxe8 $11) 32. Bxe1) 31... Bh6 $1 {[%emt 0:01:22]} ({Inferior is} 31... gxf5 32. Bc3 $11) ({Less strong is} 31... Rxf5 32. Rxf5 gxf5 33. Bc3 $15) 32. Bc3+ {[%emt 0:00:37]} Kg8 {[%emt 0:00:05]} 33. fxg6 {[%emt 0:02:03]} Bxf4 {[%emt 0:00:08]} 34. gxh7+ {[%emt 0:00:07]} Kxh7 {[%emt 0:00:04]} 35. gxf4 {[%emt 0:00:05]} Rxf4 {[%emt 0:00:15][%mdl 4096] Endgame. KRR-KRB} 36. Rd1 {[%emt 0:00:18]} Re6 {[%emt 0:00:51]} (36... Rxc4 $2 37. Rxd6 Re2 38. h3 $19) 37. Kg2 {[%emt 0:01:03]} Rg6+ {[%emt 0:01:34]} 38. Kh3 {[%emt 0:00:01]} Rxc4 {[%emt 0:01:14]} 39. Re1 {[%emt 0:00:24]} d5 {[%emt 0:01:21]} 40. Re7+ {[%emt 0:00:50]} Kg8 {[%emt 0:00:05]} 41. Be1 {[%emt 0:00:45]} Re4 {[%emt 0:00:33]} 42. Rxe4 {[%emt 0:00:17]} dxe4 {[%emt 0:00:04]} 43. Bf2 {[%emt 0:00:04]} c4 {[%emt 0:00:08] ( -> ...Kf7)} 44. Bg3 {[%emt 0:00:06]} e3 {[%emt 0:00:07] Black mates.} 45. Kg2 {[%emt 0:00:09]} Rf6 {[%emt 0:00:09]} 46. Be5 {[%emt 0:00:24]} e2 {[%emt 0:00:44] Weighted Error Value: White=0.74/Black=0.10 (very precise) .  Mistake:       	White=4     	Black=3      Inaccurate:     	White=1     	Black=1      OK:         	White=8     	Black=9      Best:        	White=1     	Black=5      Strong:       	---       	Black=2} 0-1

[Event "3rd Manaus Open 2024"]
[Site "Manaus"]
[Date "2024.10.13"]
[Round "3.5"]
[White "Santiago, Yago De Moura"]
[Black "Casalaspro, Mathias Andre"]
[Result "1/2-1/2"]
[WhiteElo "2460"]
[BlackElo "2187"]
[Annotator "TA"]
[PlyCount "66"]
[EventDate "2024.10.05"]
[EventType "swiss"]
[EventCountry "BRA"]
[SourceTitle "playchess.com"]
[Source "ChessBase"]
[SourceQuality "1"]
[TimeControl "5400+30"]

{[%evp 16,66,49,20,32,23,45,43,23,46,41,0,0,0,0,0,0,0,4,0,0,0,0,0,0,0,0,0,108,0,0,-13,-24,-13,-35,0,19,-56,0,0,-12,-1,-2,-78,0,0,210,-254,6107,-6119,886,-2050,658]} 1. d4 {[%emt 0:00:56]} Nf6 {[%emt 0:03:53]} 2. c4 {[%emt 0:00:08]} g6 {[%emt 0:00:31]} 3. Nc3 {[%emt 0:00:08]} Bg7 {[%emt 0:00:18]} 4. e4 {[%emt 0:00:08]} d6 {[%emt 0:00:25]} 5. Nf3 {[%emt 0:00:16]} O-O {[%emt 0:00:36]} 6. Be2 {[%emt 0:00:06]} e5 {[%emt 0:00:27]} 7. d5 {[%emt 0:00:08]} a5 {[%emt 0:00:33]} 8. Bg5 {[%emt 0:00:08]} h6 {[%emt 0:00:53]} 9. Be3 {[%emt 0:00:09]} Ng4 {[%emt 0:00:33] E92: Konings-Indisch: Klassiek: 6 Le2 e5: 7 dxe5, 7 Le3 en Petrosian Systeem zonder 7...Pbd7.} 10. Bd2 {[%emt 0:00:08] Beste} f5 {[%emt 0:00:30]} 11. h3 {[%emt 0:00:32]} Nf6 {[%emt 0:00:26] OK. Wit staat iets beter.} 12. exf5 {[%emt 0:00:08] OK} gxf5 {[%emt 0:00:35]} 13. g4 {[%emt 0:00:12] Onnauwkeurig} fxg4 {[%emt 0:06:16] OK} 14. hxg4 {[%emt 0:00:09]} Nxg4 {[%emt 0:00:25][%cal Oe5e4]} 15. Ne4 {[%emt 0:00:09] Dreigt te winnen met Nh4. Beste (Gemakkelijk)} Nd7 {[%emt 0:12:33][%cal Bb8d7,Bd7f6,Bf6e4][%mdl 32] EV=22.37. Goes to g5 (dbg)). OK} 16. Nh4 $36 {[%emt 0:16:29][%mdl 2048] Wit heeft goed spel. OK} Ndf6 {[%emt 0:08:07]} 17. Bxg4 {[%emt 0:01:52]} (17. Ng3 $5 {is complexer.} e4 18. Nhf5 Nxf2 19. Kxf2 e3+ 20. Bxe3 Bxf5 21. Nxf5 Ne4+ 22. Kg1) 17... Nxe4 {[%emt 0:00:25] Beste (Gemakkelijk)} 18. Be3 {[%emt 0:00:06] OK} Qf6 {[%emt 0:01:49]} 19. Bxc8 {[%emt 0:00:45] Beste (Gemakkelijk)} Raxc8 {[%emt 0:02:31]} 20. Qc2 {[%emt 0:00:05] OK} Ng5 {[%emt 0:01:38] OK} 21. O-O-O {[%emt 0:01:37] Beste (Gemakkelijk)} e4 {[%emt 0:03:23] Fout (1.1)} (21... c6 $1 $11) {Wit moet spelen} 22. Kb1 {[%emt 0:06:44] Fout (1.1)} (22. Ng2 $1 $16) 22... c6 $146 {[%emt 0:10:17] Hoopt vervolgens op ...cxd5.} ({Predecessor:} 22... c5 23. a4 Ra8 24. Ng2 Ra6 25. Ka2 Rb6 26. Rb1 Qe5 27. Rh4 Rb4 28. b3 b5 29. cxb5 Qxd5 30. Nf4 Rxa4# {0-1 Schwander,L (2182)-Baenziger,F (2352) SUI-ch HT 119th 2019 (9)}) 23. Bd4 {[%emt 0:03:20]} Qf7 {[%emt 0:02:01] OK} 24. Bxg7 {[%emt 0:11:12] OK} Kxg7 {[%emt 0:11:10]} 25. Qc3+ {[%emt 0:01:40]} Kg8 {[%emt 0:00:06]} 26. Qxa5 {[%emt 0:02:55] Fout (0.8)} (26. Ng2 $11) {Beter is} 26... cxd5 {[%emt 0:10:04] Fout (0.6)} (26... c5 $1 $15) 27. Rxd5 {[%emt 0:01:57] Nf5 is de sterke dreiging.} Rc5 $1 {[%emt 0:04:31] Sterk} 28. Rxc5 {[%emt 0:02:47] OK} dxc5 {[%emt 0:00:07]} 29. Qb6 {[%emt 0:00:45] blijft gelijk. Fout (0.8)} (29. Qxc5 $11 Qxf2 30. Qd5+ Rf7 31. Ng6) {Zwart zou moeten proberen} 29... Qf6 {[%emt 0:08:13] Fout (0.8)} (29... Qh7 $1 $17 {Sterke dreiging met ...e3+.} 30. Ka1 (30. Qxc5 $2 {te hebberig.} e3+ 31. Kc1 exf2 $19) 30... Rxf2) 30. Qxb7 {[%emt 0:05:16]} Qf4 $2 {[%emt 0:12:14] [#] en Zwart blijft veilig. Verliest partij (2.1)} (30... Qd6 $11) 31. f3 $4 {[%mdl 8192] [#] Wit heeft alles onder controle. Gemiste overwinning (4.6)} Qxf3 {[%emt 0:00:00][%mdl 8192] [#] Gemiste overwinning (63.6)} 32. Ng6 $4 {[%emt 0:03:08][%mdl 8192] [#] Gemiste overwinning (122.3)} Qf2 $4 {[%emt 0:00:00][%mdl 8192] [#] Gemiste overwinning (70.0)} 33. Qc8 $4 {[%emt 0:08:33][%mdl 8192]} Kg7 $4 {[%emt 0:00:00][%mdl 40960] Blunder waarde: Wit=0.78/Zwart=0.77.  Verliest partij:   	---       	Zwart=1      Gemiste overwinning: 	Wit=2      	Zwart=2      Fout:        	Wit=3      	Zwart=3      Onnauwkeurig:    	Wit=1      	---        OK:         	Wit=6      	Zwart=5      Beste:        	Wit=4      	Zwart=1      Sterk:        	---       	Zwart=1     . Een verassend resultaat.} (33... Rxc8 $19 34. Ne7+ Kg7 35. Nxc8 e3) 1/2-1/2

[Event "3rd Manaus Open 2024"]
[Site "Manaus"]
[Date "2024.10.13"]
[Round "3.6"]
[White "Terao, Juliana Sayumi"]
[Black "Flom, Gabriel"]
[Result "0-1"]
[WhiteElo "2187"]
[BlackElo "2460"]
[Annotator "TA"]
[PlyCount "64"]
[EventDate "2024.10.05"]
[EventType "swiss"]
[EventCountry "BRA"]
[SourceTitle "playchess.com"]
[Source "ChessBase"]
[SourceQuality "1"]
[TimeControl "5400+30"]

{[%evp 9,64,53,26,0,69,58,74,58,113,40,83,57,32,34,72,58,92,78,112,70,78,-42,-27,-30,-31,-15,-23,-66,0,-38,-9,-121,-86,-88,-139,-75,0,-69,0,-60,-45,-58,-84,-79,0,0,253,226,240,-751,-738,-29991,-29992,-29996,-29997,-29997,-29998]} 1. e4 {[%emt 0:01:38]} d6 {[%emt 0:00:06]} 2. d4 {[%emt 0:00:14]} Nf6 {[%emt 0:00:04]} 3. Nc3 {[%emt 0:00:08]} e5 {[%emt 0:00:04]} 4. Nf3 {[%emt 0:00:19]} Nbd7 {[%emt 0:00:05]} 5. Rg1 {[%emt 0:01:03]} c6 {[%emt 0:02:20]} 6. g4 {[%emt 0:00:34][%cal Bg2g4,Bg4g5][%mdl 32] EV=17.90. Goes to g5 (dbg)). C41: Philidor Verdediging.} g6 {[%emt 0:00:04] Fout (0.7)} (6... Qa5 $1 $11) 7. g5 $14 {[%emt 0:02:36] OK} Nh5 {[%emt 0:00:18] OK} 8. Be3 {[%emt 0:03:08] OK. Wit staat beter.} Qb6 $146 {[%emt 0:00:48] Fout (0.6)} (8... Qc7 $14) ({Predecessor:} 8... Bg7 9. dxe5 dxe5 10. Qd6 Qe7 11. Qxe7+ Kxe7 12. O-O-O b6 13. Nb1 h6 14. h4 hxg5 15. hxg5 {0-1 Grandelius,N (2635)-Vidit,S (2723) Chessable Masters Prelim rapid 2022 (14)}) 9. Qc1 {[%emt 0:04:07] Fout (0.7)} (9. a3 $1 $16) 9... Qa5 {[%emt 0:03:35] Onnauwkeurig} 10. Be2 {[%emt 0:10:29] Onnauwkeurig} Bg7 {[%emt 0:01:10] OK} 11. Qd2 {[%emt 0:02:18]} b5 {[%emt 0:07:46] Onnauwkeurig} 12. a3 {[%emt 0:06:50]} Nf4 {[%emt 0:08:04] Onnauwkeurig} 13. Bxf4 {[%emt 0:09:27] Beste (Gemakkelijk)} exf4 {[%emt 0:00:03] Onnauwkeurig} 14. O-O-O {[%emt 0:02:27] Onnauwkeurig} Rb8 {[%emt 0:06:26]} {Wit zou moeten spelen} 15. Qxf4 {[%emt 0:12:46] Fout (1.2)} (15. h4 $1 $16) 15... b4 $15 {[%emt 0:00:26] Beste (Gemakkelijk)} 16. Nb1 {[%emt 0:00:23] OK} Qc7 {[%emt 0:11:21] OK} 17. axb4 {[%emt 0:18:25]} Rxb4 {[%emt 0:00:05]} 18. c3 {[%emt 0:00:12] OK} Rb8 {[%emt 0:01:31] Onnauwkeurig} 19. Na3 {[%emt 0:00:52] OK} O-O {[%emt 0:01:47] Wit zou ...Nb6 moeten voorkomen. Onnauwkeurig} 20. Nc4 {[%emt 0:06:52] blijft gelijk. Fout (1.1)} (20. Rd2 $1 $11) 20... Ba6 $17 {[%emt 0:00:06] Dreigt te winnen met ...c5. Beste (Gemakkelijk)} 21. Rd2 {[%emt 0:00:34][%cal Rf4d6] Beste} Bxc4 {[%emt 0:00:14] Beste (Gemakkelijk)} 22. Bxc4 {[%emt 0:00:07]} c5 {[%emt 0:00:54] Fout (0.8)} (22... Qa5 $1 $17 {met als doel voor ...d5.} 23. Rc2 d5 24. exd5 Nb6 (24... cxd5 25. Bd3 $18)) 23. Bd5 {[%emt 0:07:56] Fout (0.7)} (23. Rc2 $1 $11) 23... Qa5 {[%emt 0:06:42] Fout (0.7)} (23... Nb6 $15 24. Ba2 cxd4 25. Nxd4 Nd7) {Wit zou moeten proberen} 24. Kc2 {[%emt 0:03:46] Fout (0.6)} (24. Qxd6 $11 cxd4 25. cxd4 (25. Qxd7 $2 {vergaat.} dxc3 26. Kd1 cxd2 $19)) 24... Nb6 $15 {[%emt 0:14:11] En nu zou ...Na4 winnen. OK} 25. Qxd6 {[%emt 0:01:31] Beste (Gemakkelijk)} Na4 $36 {[%emt 0:00:04][%cal Rb8b2][%mdl 2048] Zwart heeft controle. Dansen op een scheermes. OK} 26. Rb1 {[%emt 0:02:34] Zwart moet nu Rd3 voorkomen. OK} {Zwart zou moeten spelen} Rb6 {[%emt 0:00:20] Fout (0.8)} (26... Rxb2+ $1 $17 27. Rxb2 Qxc3+ 28. Kb1 Nxb2 29. Qxc5 Nc4 30. Bxc4 Qxf3 31. Qxa7 Rc8 (31... Qxe4+ $2 32. Kc1 $19) (31... Qc3 $2 32. Rc2 $19)) 27. Qf4 {[%emt 0:00:53] Sterke dreiging met Rd3.} cxd4 $2 {[%emt 0:00:49][%mdl 8192] en Zwart blijft veilig. Verliest partij (2.5)} (27... c4 $1 $11) 28. b4 $1 $18 {[%emt 0:00:44] Sterk} Qa6 {[%emt 0:00:32]} 29. Nxd4 $4 {[%emt 0:00:40][%mdl 8192] [#] Gemiste overwinning (9.9)} (29. Rxd4 $18 Bxd4 30. Nxd4) 29... Nxc3 $1 $19 {[%emt 0:02:21] Briljant} 30. Kxc3 {[#] Onnauwkeurig} (30. b5 Nxd5) 30... Rc8+ $1 {[%emt 0:00:03] Zwart zet mat.} ({Sla niet} 30... Qa3+ $2 31. Kc2 $18) 31. Kb3 {[%emt 0:00:33] [#]} Rxb4+ $3 {[%emt 0:00:08][%mdl 512]} 32. Kxb4 {[%emt 0:00:12]} Bf8+ {[%emt 0:00:03] Blunder waarde: Wit=0.59/Zwart=0.29 (precies) .  Verliest partij:   	---       	Zwart=1      Gemiste overwinning: 	Wit=1      	---        Fout:        	Wit=5      	Zwart=5      Onnauwkeurig:    	Wit=3      	Zwart=6      OK:         	Wit=6      	Zwart=5      Beste:        	Wit=3      	Zwart=3      Sterk:        	Wit=1      	---        Briljant:      	---       	Zwart=1} 0-1